Catalog

Record Details

Catalog Search



Tatort Frankfurt  Cover Image Book Book

Tatort Frankfurt / Felix & Theo

Felix, 1959- (Author). Theo (Author).

Record details

  • ISBN: 978-3-468-49707-0
  • Physical Description: 45 s. : il. ; 18 cm
  • Publisher: Berlin : Langenscheidt, c2003
Subject: němčina
zjednodušená četba
Genre: příběhy
jazykové učebnice, texty, příručky (B)

Available copies

  • 1 of 1 copy available at Common Catalog SPOK.

Holds

  • 0 current holds with 1 total copy.
Show Only Available Copies
Location Call Number / Copy Notes Barcode Shelving Location Status Due Date
Jabok Library BC-2.4/F 424480021224 Beletrie Available -

LDR 01317cam a22003977a 4500
00113092
003CZ-PrJAB
00520190904094432.0
007ta
008140610s2003 gw a g 000 j ger
020 . ‡a978-3-468-49707-0 ‡q(brož.)
035 . ‡a(CZ PrSKC)vkol001090102
040 . ‡aLIA001 ‡bcze ‡dOLA001
072 7. ‡a811.112.2 ‡xNěmčina ‡2Konspekt ‡911
080 . ‡a811.112.2 ‡2MRF
080 . ‡a821-322.4 ‡2MRF
080 . ‡a028.4-028.31/.32 ‡2MRF
080 . ‡a(0:82-32) ‡2MRF
080 . ‡a(07.064)81 ‡2MRF
1000 . ‡aFelix, ‡d1959- ‡7xx0112926 ‡4aut
24510. ‡aTatort Frankfurt / ‡cFelix & Theo
260 . ‡aBerlin : ‡bLangenscheidt, ‡cc2003
300 . ‡a45 s. : ‡bil. ; ‡c18 cm
4901 . ‡aLeichte Lektüren. Deutsch als Fremdsprache. Stufe 2
65007. ‡aněmčina ‡7ph115512 ‡2czenas
65007. ‡azjednodušená četba ‡7ph656682 ‡2czenas
6530 . ‡ajazyková úroveň B1
655 7. ‡apříběhy ‡7fd133204 ‡2czenas
655 7. ‡ajazykové učebnice, texty, příručky (B) ‡7fd600891 ‡2czenas
7000 . ‡aTheo ‡7ola2006340339 ‡4aut
830 0. ‡aLeichte Lektüren. ‡pDeutsch als Fremdsprache
910 . ‡aABG312
995 . ‡aska
901 . ‡a13092 ‡bCZ PrSKC ‡c13092 ‡tbiblio

Additional Resources